| 000 -ლიდერი |
| ფიქსირებული სიგრძის საკონტროლო ველი |
01642nam a2200277Ia 4500 |
| 001 - საკონტროლო ნომერი |
| საკონტროლო ველი |
21794 |
| 003 - საკონტროლო ნომრის იდენტიფიკატორი |
| საკონტროლო ველი |
GE_BSU |
| 005 - ბოლო ოპერაციის თარიღი და დრო |
| საკონტროლო ველი |
20220413173805.0 |
| 008 - ფიქსირებული სიგრძის მონაცემთა ელემენტები - ზოგადი ინფორმაცია |
| ფიქსირებული სიგრძის საკონტროლო ველი |
181216s2017||||ge |||||||||||||| ||geo|| |
| 020 ## - წიგნის საერთაშორისო სტანდარტული ნომერი |
| International Standard Book Number |
9789941097294 |
| 040 ## - კატალოგიზაციის წყარო |
| Transcribing agency |
GE_BSU |
| 041 ## - ენის კოდი |
| Language code of text/sound track or separate title |
geo |
| 080 ## - უნივერსალური ათობითი კლასიფიკაციის ინდექსი |
| Universal Decimal Classification number |
364.63-053+343.54 ნ-70 |
| 100 ## - მთავარი ჩანაწერი - პიროვნების სახელი |
| Personal name |
ნისი, მარტინ |
| 9 (RLIN) |
13670 |
| 245 ## - ცნობა სათაურის შესახებ |
| Title |
ძალადობის მსხვერპლი ბავშვი, დარღვეული დუმილის დადებითად გამოყენება / |
| Statement of responsibility, etc |
მარტინ ნისი ; თარგმნა ფრანგულიდან ქართულად ელენე კილაძე ; ტექსტის ადაპტაცია და რედაქტირება ქეთევან თავართქილაძე, ლია სარალიძე. |
| 264 ## - წარმოების, გამოცემის, დისტრიბუციის და სხვა ცნობები |
| გამოცემის, წარმოების, დისტრიბუციის... ადგილი |
თბილისი : |
| გამოცემის, წარმოების, დისტრიბუციის... სახელწოდება |
საქ. საზოგადოებრივი ჯანდაცვის ფონდი, |
| გამოცემის, წარმოების, დისტრიბუციის... თარიღი |
2017. |
| 300 ## - ფიზიკური აღწერა |
| Extent |
190 გვ. ; |
| Dimensions |
21 სმ. |
| 653 ## - INDEX TERM--UNCONTROLLED |
| Uncontrolled term |
სოციალური კეთილდღეობა |
| 653 ## - INDEX TERM--UNCONTROLLED |
| Uncontrolled term |
ძალადობა ბავშვებზე |
| 653 ## - INDEX TERM--UNCONTROLLED |
| Uncontrolled term |
ოჯახური ძალადობა |
| 653 ## - INDEX TERM--UNCONTROLLED |
| Uncontrolled term |
ძალადობის მსხვერპლი ბავშვი |
| 653 ## - INDEX TERM--UNCONTROLLED |
| Uncontrolled term |
დარღვეული დუმილის დადებითად გამოყენება |
| 700 ## - ADDED ENTRY--PERSONAL NAME |
| Personal name |
კილაძე, ელენე |
| Relator term |
მთარგმნელი |
| 9 (RLIN) |
13671 |
| 942 ## - ADDED ENTRY ELEMENTS (KOHA) |
| Koha item type |
წიგნი |
| Source of classification or shelving scheme |
|